000 00836cab a2200241 4500
001 WB3013-22
008 090401t1994 xxu||||| |||| 00| 0 eng d
035 _a(Sirsi) u16878
041 _aeng
245 _aAlterations to period homes
260 _c1994
350 _a0
490 _aIndependent
_v31 March 1994, 4(1)
520 _aLocal planning authorities are to be granted powers to curb the effects of inappropriate and tasteless alterations to historic houses in conservation areas, introducing stricter controls and withdrawing permitted development rights.
650 _aCONSERVATION AREAS
650 _aENGLISH HISTORIC TOWNS FORUM
650 _aPERMITTED DEVELOPMENT RIGHTS
650 _aPLANNING CONTROL
690 _aCONSERVATION
690 _aPLANNING LAW AND PRACTICE
942 _n0
948 _c04/03/1997
999 _c11175
_d11175